000 01394nam a22002297a 4500
999 _c64113
_d64113
003 Ge_BSU
005 20260407153937.0
008 260407s2024 ge ||||| |||| 00| 0 geo d
020 _a9789941345685
041 _ageo
080 _a372.881.135.31 : 372.882.1 ჯ-48
100 _aჯინჯიხაძე, ლევან
_927272
245 _aქართული ენისა და ლიტერატურის ინტეგრირებული სწავლების მეთოდიკა და ტექნოლოგია :
_b(I-VI კლასები) /
_cლევან ჯინჯიხაძე; რედ. ნათელა მაღლაკელიძე; სოხუმის სახელმწიფო უნივერსიტეტი.
250 _aმეორე გამოცემა, შევსებული და შესწორებული
264 _aთბილისი :
_bმერიდიანი,
_c2024.
300 _a356 გვ.;
_b21 სმ.
504 _aბიბლიოგრ. გვ. 348-354
653 _aქართული ენა
700 _aმაღლაკელიძე, ნათელა
_eრედაქტორი
_927273
710 _a სოხუმის სახელმწიფო უნივერსიტეტი
_927274
942 _2udc
_cᲬᲘᲒᲜᲘ